[Event "CRO-ch U13"]
[Site "Trogir"]
[Date "2020.08.25"]
[Round "3"]
[White "Bolanca, Tino"]
[Black "Friedrich, Ivan"]
[Result "1-0"]
[WhiteElo "1128"]
[BlackElo "1397"]
[PlyCount "71"]
[EventDate "2020.08.24"]
[EventType "swiss"]
[EventRounds "9"]
[EventCountry "CRO"]
[SourceTitle "CBM 198 Extra"]
[Source "ChessBase"]
[SourceDate "2020.11.30"]
[SourceVersion "1"]
[SourceVersionDate "2020.11.30"]
[SourceQuality "1"]

1. e4 c6 2. d4 d5 3. Nc3 dxe4 4. Nxe4 Bf5 5. Nc3 Qc7 6. Nf3 e6 7. Be2 Nf6 8. Bg5 Bd6 9. Qd2 Nbd7 10. 0-0-0 h6 11. Be3 Nd5 12. a3 N7f6 13. h3 Qa5 14. Nxd5 Qxd2+ 15. Nxd2 cxd5 16. Bb5+ Ke7 17. Rhe1 Rhc8 18. Ba4 b5 19. Bb3 a5 20. a4 Rcb8 21. g4 Bh7 22. f4 Ra7 23. Nb1 Rab7 24. Nc3 Bb4 25. f5 Ne4 26. Bf4 Rc8 27. Re3 Bxc3 28. bxc3 Rxc3 29. Rxc3 Nxc3 30. Re1 bxa4 31. Re3 axb3 32. Rxc3 b2+ 33. Kb1 exf5 34. Re3+ Kf8 35. Bd6+ Re7 36. Rxe7 1-0

[Event "CRO-ch U13"]
[Site "Trogir"]
[Date "2020.08.24"]
[Round "1"]
[White "Bolanca, Tino"]
[Black "Babler, Jan"]
[Result "0-1"]
[WhiteElo "1128"]
[BlackElo "1532"]
[PlyCount "68"]
[EventDate "2020.08.24"]
[EventType "swiss"]
[EventRounds "9"]
[EventCountry "CRO"]
[SourceTitle "CBM 198 Extra"]
[Source "ChessBase"]
[SourceDate "2020.11.30"]
[SourceVersion "1"]
[SourceVersionDate "2020.11.30"]
[SourceQuality "1"]

1. e4 c5 2. Nf3 Nf6 3. Nc3 d5 4. exd5 Nxd5 5. Nxd5 Qxd5 6. c4 Qd8 7. d3 Nc6 8. Bf4 Bf5 9. a3 e6 10. Be2 Bd6 11. Qd2 Bxf4 12. Qxf4 Qa5+ 13. Qd2 Rd8 14. Qxa5 Nxa5 15. Rd1 Nb3 16. 0-0 0-0 17. Rfe1 Rd6 18. Bf1 Rfd8 19. Re3 a6 20. h3 b5 21. d4 Nxd4 22. Nxd4 Rxd4 23. Rxd4 cxd4 24. Re1 d3 25. Rd1 d2 26. Be2 Bc2 27. Rf1 d1Q 28. Bxd1 Rxd1 29. Rxd1 Bxd1 30. cxb5 axb5 31. g4 Kf8 32. Kf1 Ke7 33. Ke1 Bf3 34. Kf1 Kd6 0-1

[Event "CRO-ch U11"]
[Site "Trogir"]
[Date "2019.06.21"]
[Round "8"]
[White "Bolanca, Tino"]
[Black "Petrus, Adrian"]
[Result "0-1"]
[WhiteElo "1161"]
[BlackElo "1319"]
[PlyCount "44"]
[EventDate "2019.06.17"]
[EventType "swiss"]
[EventRounds "9"]
[EventCountry "CRO"]
[SourceTitle "EXT 2020"]
[Source "ChessBase"]
[SourceDate "2019.10.17"]
[SourceVersion "1"]
[SourceVersionDate "2019.10.17"]
[SourceQuality "1"]

1. e4 e5 2. Nf3 Nc6 3. Bc4 Nf6 4. Ng5 d5 5. exd5 Nxd5 6. Nxf7 Kxf7 7. Qf3+ Ke6 8. d4 Be7 9. dxe5 Nxe5 10. Qh3+ Kd6 11. Bf4 Bxh3 12. Bxe5+ Kxe5 13. f4+ Nxf4 14. gxh3 Qd4 15. Nd2 Bh4+ 16. Kd1 Rad8 17. Bd3 Ke6 18. Nf3 Qd6 19. Nxh4 Nxd3 20. cxd3 Qxd3+ 21. Kc1 Qc4+ 22. Kb1 Qxh4 0-1